Online Catalogue and eLibrary

A Critical and cultural theory reader / (Record no. 302)

MARC details
000 -LEADER
fixed length control field 00756nam a2200241 a 4500
001 - CONTROL NUMBER
control field 2045357
005 - DATE AND TIME OF LATEST TRANSACTION
control field 20240206034958.0
008 - FIXED-LENGTH DATA ELEMENTS--GENERAL INFORMATION
fixed length control field 921214r19921912onc b 001 0 eng
020 ## - INTERNATIONAL STANDARD BOOK NUMBER
ISBN 0802074162 (cloth) :
020 ## - INTERNATIONAL STANDARD BOOK NUMBER
ISBN 0802029124 (paper) :
040 ## - CATALOGING SOURCE (பட்டியலாக்க மூலம்)
Original cataloging agency DLC
Transcribing agency DLC
082 00 - DDC Classification
Class No. 306.04
DDC Edition Number 20
Item Number - Author Mark A CR.
245 02 - TITLE STATEMENT
Title A Critical and cultural theory reader /
Statement of responsibility, etc. edited by Antony Easthope and Kate McGowan.
260 ## - PUBLICATION, DISTRIBUTION, ETC.
Place of publication, distribution, etc. Toronto ;
-- Buffalo :
Name of publisher, distributor, etc. University of Toronto Press,
Date of publication, distribution, etc. 1992.
300 ## - PHYSICAL DESCRIPTION
Extent (e.g. Volumes, Pages etc.) viii, 270 p. ;
500 ## - GENERAL NOTE
General note Collection of previously published material.
650 #0 - SUBJECT ADDED ENTRY--TOPICAL TERM
Topical term or geographic name entry element Criticism.
650 #0 - SUBJECT ADDED ENTRY--TOPICAL TERM
Topical term or geographic name entry element Popular culture.
650 #0 - SUBJECT ADDED ENTRY--TOPICAL TERM
Topical term or geographic name entry element Structuralism (Literary analysis)
700 1# - ADDED ENTRY--PERSONAL NAME
Personal name Easthope, Antony.
Relator term (Role) Editor
700 1# - ADDED ENTRY--PERSONAL NAME
Personal name McGowan, Kate.
Relator term (Role) Editor
942 ## - Koha item type (Biblio)
Koha item type Books in Stacks (Lending)
Holdings
Lost status Damaged status Collection code Home library Current library Date acquired Full call number Accession Number Item type
    Lending WERC Library WERC Library 02/06/2024 306.04 A CR. 2062 Books in Stacks (Lending)

© WERC Library